| 000 | 00581pam a2200181 a 4500 | ||
|---|---|---|---|
| 020 | _a067470875X (alk. paper) | ||
| 082 | 0 | 0 | _a340 |
| 100 | 1 | _aPosner, Richard A. | |
| 245 | 1 | 4 |
_aThe problems of jurisprudence / _cRichard A. Posner. |
| 260 |
_aCambridge, Mass. : _bHarvard University Press, _c1990. |
||
| 300 |
_axiv, 485 p. ; _c25 cm. |
||
| 504 | _aIncludes bibliographical references and index. | ||
| 650 | 0 |
_aJurisprudence. _935222 |
|
| 942 |
_2ddc _cBK |
||
| 999 |
_c586594 _d586594 |
||